000 00965nam a2200265 i 4500
001 bg
003 KOSZ 005
005 20201019134252.0
008 070923s1968 pl a f f 001 0 pol
015 _aPB 1968/199
040 _aWA N
_cKOSZ 005/RW
_dKOSZ 005/RW
080 _a546
100 1 _aJózefowicz, Edward
_d(1900-1975)
_eAutor
245 1 0 _aChemia nieorganiczna :
_bpodręcznik chemii nieorganicznej dla kierunków chemicznych politechnik i uniwersytetów /
_cEdward Józefowicz.
250 _aWyd. 3 popr. i uzup.
260 _aWarszawa :
_bPaństwowe Wydawnictwo Naukowe,
_c1968.
300 _a862, [1] s. :
_bil. ;
_c25 cm.
380 _aKsiążki.
504 _aIndeks.
655 4 _aPodręczniki akademickie
650 4 _aChemia nieorganiczna
710 2 _aPaństwowe Wydawnictwo Naukowe
_4pbl.
856 _uhttp://koha.tu.koszalin.pl/cgi-bin/koha/opac-detail.pl?biblionumber=10792
_yKatalog online BPK
942 _2UKD
_cKS
999 _c10792
_d10792